00948nam a2200289Ia 450000500170000000800370001702000180005404100080007210000260008024500640010625000360017030000250020649000170023150000450024865000350029365000390032865000490036770000290041694200150044526400490046033600270050933700330053633800280056904000350059708400110063299900150064320220317001857.0170410s2012 m g 000 f s a9789681672485 aspa1 aEltit, Diamelad1949-10aTres novelascDiamela Eltit ; prólogo de Sandra Lorenzano a1a. edición, 2a reimpresión a359 páginasc21 cm aTierra firme aIncluye datos biográficos de la autora142LEMBaNovela chilenaySiglo XX142LEMBaLiteratura chilenaySiglo XX142LEMBaRelaciones familiares en la literatura1 aLorenzano, Sandra978259 2loccBKLIT aMéxicobFondo de Cultura Económicac2012 atextobtxt2rdacontent asin mediaciónbn2rdamedia avolumenbnc2rdacarrier aCO-BoRNBPbspaerdacCO-BoRNBP aN ELT1 c8388d8388